Peces raros y sus curiosidades

Saved in:
書目詳細資料
主要作者: Verrill, A. Hyatt (Author)
格式: 圖書
語言:西班牙语
出版: Barcelona Destino 1954
主題:
標簽: 添加標簽
沒有標簽, 成為第一個標記此記錄!

MARC

LEADER 00000nam a2200000 a 4500
001 UCR6298
003 CL-VaPUC
008 980423e19540000SP |||||||||||||||||spa|d
082 0 4 |a 597.092  |b HYA  |2 21 
100 |a Verrill, A. Hyatt  |e author  |9 513303 
245 1 0 |a Peces raros y sus curiosidades 
300 |a 193 p 
942 |c BK 
945 |d 19980423 00:00:00  |a crobeson 
260 |a Barcelona  |b Destino  |c 1954 
650 7 |a PECES  |2 CL-VaPUC  |9 407422 
650 7 |a PECES MARINOS  |2 CL-VaPUC  |9 407423 
583 |a last modification  |c 19980423 00:00:00  |k Rodrigo Vera 
999 |c 268507  |d 268505 
952 |0 0  |1 0  |4 0  |6 597_092000000000000_HYA_1954  |7 0  |8 CCM  |9 301691  |a BIBCUR  |b BIBCUR  |d 2019-11-20  |i 1988891  |l 4  |o 597.092 HYA 1954  |p 1988891  |r 2025-04-22  |s 2024-11-14  |w 2019-11-20  |y BK  |k CIM